|
|
|
|
| LEADER |
01931nam a2200517 i 4500 |
| 001 |
nkc20162864690 |
| 003 |
CZ PrNK |
| 005 |
20170224083528.0 |
| 007 |
ta |
| 008 |
170118s2016 xr a e 000 0 cze |
| 015 |
|
|
|a cnb002864690
|
| 020 |
|
|
|a 978-80-87123-28-7
|q (brožováno)
|
| 035 |
|
|
|a (OCoLC)975029422
|
| 040 |
|
|
|a ABA001
|b cze
|e rda
|
| 043 |
|
|
|a e-xr---
|
| 072 |
|
7 |
|a 005
|x Management. Řízení
|2 Konspekt
|9 4
|
| 080 |
|
|
|a 339.926(4)
|2 MRF
|
| 080 |
|
|
|a 005.591:336
|2 MRF
|
| 080 |
|
|
|a 343.721
|2 MRF
|
| 080 |
|
|
|a (437.3)
|2 MRF
|
| 080 |
|
|
|a (048.8)
|2 MRF
|
| 100 |
1 |
|
|a Dufková, Ivana
|7 jn20001227647
|4 aut
|
| 245 |
1 |
0 |
|a Hodnocení rizik podvodů a jejich možná prevence :
|b se zaměřením na projekty spolufinancované z prostředků Evropské unie /
|c autoři publikace: Ivana Dufková, Markéta Nováková
|
| 264 |
|
1 |
|a [Praha] :
|b Transparency International - Česká republika,
|c 2016
|
| 300 |
|
|
|a 34 stran :
|b ilustrace ;
|c 30 cm
|
| 336 |
|
|
|a text
|b txt
|2 rdacontent
|
| 337 |
|
|
|a bez média
|b n
|2 rdamedia
|
| 338 |
|
|
|a svazek
|b nc
|2 rdacarrier
|
| 500 |
|
|
|a Název z obálky
|
| 500 |
|
|
|a Na obálce pod názvem: OLAF - European Anti-Fraud Office
|
| 504 |
|
|
|a Obsahuje bibliografické odkazy
|
| 650 |
0 |
7 |
|a evropské fondy
|7 ph878192
|2 czenas
|
| 650 |
0 |
7 |
|a financování programů a projektů
|7 ph166419
|z Česko
|2 czenas
|
| 650 |
0 |
7 |
|a podvody
|7 ph200858
|z Česko
|2 czenas
|
| 650 |
0 |
9 |
|a European funds
|2 eczenas
|
| 650 |
0 |
9 |
|a project financing
|z Czechia
|2 eczenas
|
| 650 |
0 |
9 |
|a impostures
|z Czechia
|2 eczenas
|
| 655 |
|
7 |
|a studie
|7 fd133597
|2 czenas
|
| 655 |
|
9 |
|a studies
|2 eczenas
|
| 700 |
1 |
|
|a Nováková, Markéta
|4 aut
|
| 710 |
2 |
|
|a Evropská komise.
|b European Anti-Fraud Office
|7 vse2005288491
|4 oth
|
| 910 |
2 |
|
|a BOA001
|b 4-1382.201
|
| 990 |
|
|
|a BK
|
| 995 |
|
|
|a 01
|
| 991 |
|
|
|b 201702
|c NOV
|
| 996 |
6 |
|
|b 2610696265
|c 4-1382.201
|l MZK
|r Sklad / do 1 hodiny
|n 0
|p p.v.
|w 001598065
|u 000010
|a 1
|e BOA001
|j MZK50
|s P
|